000 00403nam a2200145 i 4500
001 92186
003 ES-MaACL
005 20230906180921.0
007 t|
008 050223s1973 sp ||||1| spa d
245 0 0 _aLibro de las Constituciones de los Hermanos de la Orden de San Agustín.
260 _aGuadalajara :
_bOPE,
_c1973.
300 _a284 p. :
_b18 cm.
852 _aES-MaACL
_jC-54603
_bR.87404
999 _c92186
_d92186